Grab Bag (A-Z) Quiz Stats

 Plays Quiz Updated Nov 23, 2014

Challenge
Share
Tweet
Embed
Score 0/26 Timer 05:00
9 Plays Today
Group Answer % Correct
Chess PiecesKing, Knight
97.4%
Santa's ReindeerDancer, Dasher...
94.5%
U.S. StatesWashington, West Virginia...
94.5%
Countries of the WorldUnited States, United Kingdom...
92.5%
Pope NamesPeter, Paul...
91.6%
Elementsiron, iodine...
90%
NFL TeamsJaguars, Jets
86%
U.S. Presidents*Hoover, Harding...
84.4%
Chinese Zodiac SignsRabbit, Rat
83.4%
Marvel Comics Superhero TeamsX-Men, X-Force...
82.6%
Olympic Host CitiesLondon, Lake Placid...
78.6%
Greek LettersEpsilon, Eta
78.2%
Top 50 Alexa Web SitesYahoo.com, Yelp.com...
72.2%
Group Answer % Correct
U.K. Prime Ministers*Brown, Blair...
70.8%
Disney Animated FeaturesFantasia, Fantasia 2000...
70.1%
Canadian Provinces & TerritoriesNew Brunswick, Nova Scotia...
69.8%
BirthstonesAmethyst, Alexandrite...
69.6%
Capitals of the WorldVienna, Vilnius...
61.9%
Plays of ShakespeareThe Tempest, Twelfth Night...
60.9%
Premier League Clubs (ever)Chelsea, Coventry City...
53.8%
AKC Dog BreedsMaltese, Manchester Terrier...
52.5%
One-Word Best Picture WinnersGandhi, Gigi...
38%
Books of the BibleZephaniah, Zechariah
34%
Atari 2600 GamesQ*bert, Quadrun...
23.2%
Apollo Astronauts*Shepard, Swigert...
20.4%
The Hobbit DwarfsOin, Ori
15.4%

You're not logged in!

Compare scores with friends on all Sporcle quizzes.
Join for Free
OR
Log In

You Might Also Like...

Show Comments

Extras

Top Quizzes Today


Score Distribution

Your Account Isn't Verified!

In order to create a playlist on Sporcle, you need to verify the email address you used during registration. Go to your Sporcle Settings to finish the process.

Report this User

Report this user for behavior that violates our Community Guidelines.

Details: